LEADER 01015nam a2200241 a 4500 001 000000142332 003 CaOOAMICUS 005 20150317112436.0 008 150317s1984 it u000 u ita r 040 $aPUL$bita 100 1 $aBordone, Renato,$d1948-$0(OLS)http://pul/name/61535 245 13$aLa societą urbana nell'Italia comunale :$b(secoli XI-XIV) /$cRenato Bordone. 260 $aTorino :$bLoescher Editore,$c©1984. 300 $a273 p. ;$c19 cm 490 1 $aDocumenti della storia ;$v40 650 4$aCittą$zItalia$yEvo medio.$0(OLS)http://pul/subject/30354 830 0$aDocumenti della storia ;$v40.$0(OLS)http://pul/title/7751 850 $aPUL 852 $aPUL$W1$xDP1 Fondo Capitani$y116$m10 D 81.40$j164214$qFondi$B164370$CPULBib$Z2$F164370 $HCap151 $82 941 1 $a1 996 $6245$aLa societą urbana nell'Italia comunale :$b(secoli XI-XIV)$9(OLS)http://pul/title/180153 996 $6260$aTorino :$bLoescher Editore$9(OLS)http://pul/publisher/65935 LEADER 01590nam a2200313 a 4500 001 000000127348 003 CaOOAMICUS 005 20120127122550.0 008 120127s2011 it ad u000 u ita r 020 $a978-88-213-0808-6 040 $aPUL$bita 245 00$aOltre la crisi: prospettive per un nuovo modello di sviluppo :$bil contributo del pensiero ealistico dinamico di Tommaso Demaria /$cMauro Mantovani, Alberto Pessa, Oliviero Riggi (a cura) 260 $aRoma :$bLAS,$c©2011. 300 $a552 p. :$bill., grafici ;$c24 cm. 490 1 $aNuova biblioteca di scienze religiose ;$v31 504 $aBibliografia in nota. 600 14$aDemaria, Tommaso,$d1908-1996.$0(OLS)http://pul/subject/22634 700 1 $aPessa, Alberto.$0(OLS)http://pul/name/81223 700 1 $aRiggi, Oliviero.$0(OLS)http://pul/name/81224 700 1 $aMantovani, Mauro,$cS.D.B.,$d1966-$0(OLS)http://pul/name/34820 830 0$aNuova biblioteca di scienze religiose ;$v31.$0(OLS)http://pul/title/135290 850 $aPUL 852 $aPUL$W1$xSL Religione 2$y84$mTheol A3 200.31$j147316$qStampati Altre Collocazioni$B145961$CPULBib$Z2$F145961 $H118615 $82 941 1 $a10 983 0$aBiblioteca di scienze religiose (Libreria Ateneo salesiano) 996 $6020$a978-88-213-0808-6$9(OLS)http://pul/number/148689 996 $6245$aOltre la crisi: prospettive per un nuovo modello di sviluppo :$bil contributo del pensiero ealistico dinamico di Tommaso Demaria$9(OLS)http://pul/title/160908 996 $6260$aRoma :$bLAS$9(OLS)http://pul/publisher/48069